000 00361nam a2200145 i 4500
001 bg
100 1 _aOSTAPIUK, Henryk
245 0 _aKonstrukcje metalowe /
_cHenryk Ostapiuk, Henryk Czubakowski.
260 _aSzczecin,
_c1979.
700 1 _aCZUBAKOWSKI, Henryk
040 _cBPK
041 _apol
942 _cKS
008 s pl f |000 0 pol
999 _c18795
_d18795
856 _uhttp://koha.tu.koszalin.pl/cgi-bin/koha/opac-detail.pl?biblionumber=18795
_yKatalog online BPK